000 01439nam a2200337 a 4500
001 ebr10432035
003 CaPaEBR
006 m u
007 cr cn|||||||||
008 101209s2008 tnuak s 000 0 eng d
020 _z9780687492275
020 _z9781426734878 (e-book)
040 _aCaPaEBR
_cCaPaEBR
035 _a(OCoLC)698589194
050 1 4 _aBV4447
_b.S29 2008eb
100 1 _aSaylor, Ann.
245 1 0 _aReady to go service projects
_h[electronic resource] :
_b140 ways for youth groups to lend a hand /
_cAnn Saylor & Susan Ragsdale.
246 3 0 _aService projects :
_bone hundred forty ways for youth groups to lend a hand
260 _aNashville, Tenn. :
_bAbingdon Press,
_c2008.
300 _a178 p. :
_bill., forms.
490 0 _aReady to go
505 0 _apt. 1. The basics -- pt. 2. Readying your hands -- pt. 3. Hands in action -- pt. 4. Putting the pieces together.
533 _aElectronic reproduction.
_bPalo Alto, Calif. :
_cebrary,
_d2011.
_nAvailable via World Wide Web.
_nAccess may be limited to ebrary affiliated libraries.
650 0 _aChurch work with teenagers.
650 0 _aService learning.
650 0 _aStudent volunteers in social service.
655 7 _aElectronic books.
_2local
700 1 _aRagsdale, Susan.
710 2 _aebrary, Inc.
856 4 0 _uhttp://site.ebrary.com/lib/rucke/Doc?id=10432035
_zAn electronic book accessible through the World Wide Web; click to view
999 _c146286
_d146286